Due to a planned intervention on the underlying infrastructure, submissions functionality (new uploads and modifications) will be unavailable on Tuesday, April 21st, from 13:00 to 14:00 CEST.

CERN Accelerating science

000032237 001__ 32237
000032237 003__ SzGeCERN
000032237 005__ 20150214001300.0
000032237 0248_ $$aoai:cds.cern.ch:32237$$pcerncds:FULLTEXT
000032237 035__ $$9ADMADM$$a0014849
000032237 041__ $$aeng
000032237 088__ $$aCERN/1862
000032237 088__ $$9CM-P00080634-e
000032237 084__ $$aCOUNCIL-1862
000032237 111__ $$919910621$$a92  Session of Council$$cCERN, Geneva, Switzerland$$d21 Jun 1991$$f1991$$gcern19910621$$n92$$wCH$$z19910621
000032237 245__ $$aProgress Reports Presented to Council
000032237 260__ $$c1991
000032237 269__ $$c1991-05-23
000032237 500__ $$aNo fulltext available: French version
000032237 595__ $$a91/74/5
000032237 595__ $$aSISARC-2009
000032237 65017 $$2SzGeCERN$$aPROGRESS REPORT
000032237 690C_ $$aCERN
000032237 8564_ $$uhttps://cds.cern.ch/record/32237/files/CM-P00080634-e.pdf$$yEnglish
000032237 916__ $$sn$$w200319
000032237 960__ $$a60
000032237 961__ $$c20031203$$h0906$$lMAN01$$x19990126
000032237 963__ $$aPUBLIC
000032237 970__ $$a000014849MAN
000032237 980__ $$aCOUNCIL
000032237 980__ $$bPROGRESSREP